IFM Opac

Corporate Governance: (Record no. 22177)

MARC details
000 -LEADER
fixed length control field 00360nam a22001337a 4500
020 ## - INTERNATIONAL STANDARD BOOK NUMBER
ISBN 978-0-19-882398-8
082 ## - DEWEY DECIMAL CLASSIFICATION NUMBER
Classification number 658.4
100 ## - MAIN ENTRY--AUTHOR NAME
Personal name Tricker, Bob
245 ## - TITLE STATEMENT
Title Corporate Governance:
Sub Title Principles, Policies, and Practices
250 ## - EDITION STATEMENT
Edition statement 2nd
260 ## - PUBLICATION, DISTRIBUTION, ETC. (IMPRINT)
Place of publication Oxford University:
Name of publisher Oxford University Press,
Year of publication 2020
300 ## - PHYSICAL DESCRIPTION
Number of Pages xv, 411p.: iil.; 25cm
942 ## - ADDED ENTRY ELEMENTS (KOHA)
Koha item type Books
Holdings
Withdrawn status Lost status Damaged status Not for loan Collection code Permanent Location Current Location Shelving location Date acquired Source of acquisition Full call number Accession Number Price effective from Koha item type
        Non-fiction IFM Main Campus Library IFM Main Campus Library Work Room processing 01/16/2026 Purchased 658.4 TRI 0000030541 01/16/2026 Books
        Non-fiction IFM Main Campus Library IFM Main Campus Library Work Room processing 01/16/2026 Purchased 658.4 TRI 0000030542 01/16/2026 Books
        Non-fiction IFM Main Campus Library IFM Main Campus Library Work Room processing 01/16/2026 Purchased 658.4 TRI 0000030540 01/16/2026 Books